| 000 | 00490 a2200145 4500 | ||
|---|---|---|---|
| 245 |
_aDon't sweat the small stuff at work _b : Simple ways to minimize stress and conflict while bringing out the best in yourself and others _hprint |
||
| 020 | _a0786883367 (pbk.) | ||
| 250 | _a1st ed. | ||
| 700 | _aCarlson, Richard | ||
| 650 | _aSOCIOLOGY | ||
| 005 | 20191017172325.0 | ||
| 260 |
_anyu _bHyperion _cc1998 |
||
| 084 | _aHF5548.85 .C372 1998 | ||
| 300 |
_a284 p. _b 17 cm. _c284 p. ; 17 cm. |
||
| 500 | _aRichard Carlson. | ||
| 999 |
_c8736 _d8736 |
||